Practical handbook of spatial statistics

Αποθηκεύτηκε σε:
Λεπτομέρειες βιβλιογραφικής εγγραφής
Άλλοι συγγραφείς: Arlinghaus, Sandra L. (Sandra Lach) (Επιμελητής έκδοσης), Griffith, Daniel A. (Επιμελητής έκδοσης)
Μορφή: Βιβλίο
Γλώσσα:English
Δημοσίευση: Boca Raton, Fla : CRC Press, 1996. 1995
Θέματα:
Ετικέτες: Προσθήκη ετικέτας
Δεν υπάρχουν, Καταχωρήστε ετικέτα πρώτοι!

MARC

LEADER 00000nam a2200000 i 4500
001 1/47906
008 070710s1996 eng d
020 |a 978-0-8493-0132-2 (hbk.) 
020 |a 0-8493-0132-7 (hbk.) 
035 |l 10088769 
040 |a GR-MY-UA  |b gre  |e aacr 
041 0 |a eng 
082 0 |a 910.021  |2 (22) 
245 1 0 |a Practical handbook of spatial statistics /  |c editor-in-chief, Sandra Lach Arlinghaus ; specialist associate editor, Daniel A. Griffith ; associate editors, Daniel G. Brown ... [et al.] 
260 |a Boca Raton, Fla :   |b CRC Press,   |c 1996. 1995 
300 |a xv, 307 σ.;  |b διαγρ., πίν., χάρτες;  |c 24 εκ. 
504 |a Περιέχει βιβλιογραφία 
650 0 0 |a Geography  |x Statistical methods. 
650 0 0 |a Spatial analysis (Statistics) 
700 1 |a Arlinghaus, Sandra L.  |q (Sandra Lach)  |4 edt 
700 1 |a Griffith, Daniel A.  |4 edt 
852 |a INST  |b LESVOS  |e 20070710  |h 910.021 PRA  |p 005100037825  |q 005100037825  |t BK  |y 0 
901 |a BIBL1-2007-2 
909 |a Λ  |b 135600 
922 |a 1ΕΛΗ  |b 200706  |c ΕΠΕΑΕΚ2/ΤΓ  |d ΠΑΠΑΣΩΤΗΡΙΟΥ 
970 |a ΒΑΡΚΑ  |b ΕΛΕΥΘΕΡΙΑ  |z 2007/07/10